000 00797cam a22001934a 4500
005 20250605164338.0
008 250528s ||||||||||||||||||||||||d
035 _a23507
040 _aGR-AtMCL
_bgre
_dGR-AtMCL
_eAACR2
245 1 _aHow Familiars are the Greek Practitioners in Early Years with the Project Approach and Its Implementation?
260 _c2014
300 _a59
520 _aReview of Literature, Basic Information about the Project Project, Additional Information (Characteristics-Criticism), Statement of Scope and Aims of the Study, Methodology, Statement of Results, Analysis and Discussion, Summary and Conclusion, Appendices.
700 1 _aPapaggeli Aggeliki
_99079
700 1 _aThedorou Maria-Margarita
_99080
942 _cDS
999 _c8513
_d8513